Catalogue of the Egyptian collection in the National Museum, Rio de Janeiro = Catálogo de coleção da Egito Antigo existente no Museo Nacional, Rio de Janeiro /
Corporate Author:
Other Authors: ,
Format: Book
Language: Portuguese
Published:
Warminster :
Aris & Phillips,
1990, c1988.
Subjects:
Tags: Add Tag
Call Number: DT58.9 .M87 v.1-2
| LEADER | 01387namaa2200337 4500 | ||
|---|---|---|---|
| 001 | 13419 | ||
| 003 | OSt | ||
| 005 | 20260503130502.0 | ||
| 008 | 130303c19901988enka bc 00110 por d | ||
| 010 | |a 90164927 | ||
| 020 | |a 0856684929 |q (v. 1) | ||
| 020 | |a 0856685143 |q (v. 2) | ||
| 040 | |c ARCE Library | ||
| 043 | |a s-bl--- |a f-ua--- | ||
| 050 | 4 | |a DT58.9 .M87 v.1-2 | |
| 110 | 2 | |a Museu Nacional (Brazil) | |
| 245 | 1 | 0 | |a Catalogue of the Egyptian collection in the National Museum, Rio de Janeiro = |b Catálogo de coleção da Egito Antigo existente no Museo Nacional, Rio de Janeiro / |c preparado com a colaboração da Maria da Conceição Beltrão, por Kenneth A. Kitchen. |n |
| 264 | 1 | |a Warminster : |b Aris & Phillips, |c 1990, c1988. | |
| 300 | |a 2 volumes : |b illustrations ; |c 31 cm. | ||
| 500 | |a Issued in a case. | ||
| 504 | |a Includes bibliographical references and index. | ||
| 505 | 0 | |g volume 1. |t Texto = Text -- |g volume 2. |t Ilustrações = Plates. | |
| 546 | |a Text in Portugese and English. | ||
| 610 | 2 | 0 | |a Museu Nacional (Brazil) |x Catalogs. |
| 651 | 0 | |a Egypt |x Antiquities |v Catalogs. | |
| 700 | 1 | |a Beltrão, Maria da Conceição de Moraes Coutinho. |9 26565 | |
| 700 | 1 | |a Kitchen, K. A., |q (Kenneth Anderson) | |
| 740 | 0 | |a Catalogue of the Egyptian collection in the National Museum, Rio de Janeiro. | |
| 901 | |a reviewed | ||
| 942 | |c BK |2 lcc | ||
| 999 | |c 13313 |d 13313 | ||
